000 00567nam a22001935i 4500
001 47983
003 ES-MaACL
007 t|
008 981124s1874 gw ||||1| eng d
040 _aCAM
_bspa
_cCCPB
100 1 _aCraik, Georgiana M.
_941431
245 1 0 _aOnly a butterfly and others stories /
_cby Georgiana M. Craik.
260 _aLeipzig :
_bBernhard Tauchnitz,
_c1874.
300 _a288 p. ;
_c16 cm.
490 1 _aCollection of British authors
830 0 _aCollection of British authors
_9180703
852 _aES-MaACL
_jG-12416
999 _c47983
_d47983